| 000 | 02854nam a22005537a 4500 | ||
|---|---|---|---|
| 003 | CHAP | ||
| 005 | 20220329134030.0 | ||
| 008 | 971013s1956 mx r 00010 spa d | ||
| 010 | _a14386 | ||
| 011 | _a15358 | ||
| 035 | _a19433 | ||
| 040 | _cCHAP | ||
| 082 | 0 | 4 |
_a330.972016 _bB35 |
| 110 | 2 |
_aBanco de México. Departamento de Estudios Económicos. Biblioteca _99834 |
|
| 245 | 1 |
_aBibliografía económica de México, 1954 _c/ 55 |
|
| 260 |
_aMéxico, D. F. : _bEl Banco, _c1956- |
||
| 300 | _av. | ||
| 500 | _aLa biblioteca tiene : 1954-55, 1963-66, 1967, 1968, 1969, 1970, 1971, 1972, 1974, 1975 2v., 1976 2v., 1977, 1983-85, | ||
| 590 |
_aBATCH-UPD _b10 _c20130110 _lUCH01 _h2243 |
||
| 590 |
_aBATCH-UPD _b10 _c20130410 _lUCH01 _h1537 |
||
| 590 |
_aBATCH-UPD _b10 _c20130914 _lUCH01 _h1925 |
||
| 590 |
_aCONVERSION _b10 _c20130109 _lUCH01 _h1309 |
||
| 650 | 1 | 4 |
_aMéxico _xCondiciones económicas _xBibliografía. _976724 |
| 901 | _aBK | ||
| 942 | _cLIBRO | ||
| 949 |
_a330.972016 B35 _bBC _cBPA _d-45243 _eBPA _f1954-55 c.2 _h2520 _i19433 _si |
||
| 949 |
_a330.972016 B35 _bBC _cC _d33724000397766 _eC _f1954-55 c.3 _h4026 _i19433 _si |
||
| 949 |
_a330.972016 B35 _bBC _cC _d33724000528931 _eC _f1974 _h33879 _i19433 _si |
||
| 949 |
_a330.972016 B35 _bBC _cC _d33724000528956 _eC _f1963-66 _h11862 _i19433 _si |
||
| 949 |
_a330.972016 B35 _bBC _cC _d33724000528964 _eC _f1967 _h12365 _i19433 _si |
||
| 949 |
_a330.972016 B35 _bBC _cC _d33724000528972 _eC _f1969 _h42066 _i19433 _si |
||
| 949 |
_a330.972016 B35 _bBC _cC _d33724000528980 _eC _f1976v.2c.2 _h46838 _i19433 _si |
||
| 949 |
_a330.972016 B35 _bBC _cC _d33724000528998 _eC _f1972 _h42068 _i19433 _si |
||
| 949 |
_a330.972016 B35 _bBC _cC _d33724000529004 _eC _f1975v.1 _h42069 _i19433 _si |
||
| 949 |
_a330.972016 B35 _bBC _cC _d33724000529012 _eC _f1976v.1c.2 _h46837 _i19433 _si |
||
| 949 |
_a330.972016 B35 _bBC _cC _d33724000529020 _eC _f1977 _h47950 _i19433 _si |
||
| 949 |
_a330.972016 B35 _bBC _cC _d33724000529038 _eC _f1971 _h17358 _i19433 _si |
||
| 949 |
_a330.972016 B35 _bBC _cC _d33724000529046 _eC _f1970 _h42067 _i19433 _si |
||
| 949 |
_a330.972016 B35 _bBC _cC _d33724000529053 _eC _f1968 _h42065 _i19433 _si |
||
| 949 |
_a330.972016 B35 _bBC _cC _d33724000529061 _eC _f1969c.2 _h42071 _i19433 _si |
||
| 949 |
_a330.972016 B35 _bBC _cC _d33724000529079 _eC _f1976v.2 _h44244 _i19433 _si |
||
| 949 |
_a330.972016 B35 _bBC _cC _d33724000529087 _eC _f1975v.1c.2 _h46835 _i19433 _si |
||
| 949 |
_a330.972016 B35 _bBC _cC _d33724000529095 _eC _f1975v.2c.2 _h46836 _i19433 _si |
||
| 949 |
_a330.972016 B35 _bBC _cC _d33724000529103 _eC _f1976v.1 _h44243 _i19433 _si |
||
| 949 |
_a330.972016 B35 _bBC _cC _d33724000529111 _eC _f1975v.2 _h42070 _i19433 _si |
||
| 949 |
_a330.972016 B35 _bBC _cC _d33724000529129 _eC _f1983-85 _h72246 _i19433 _si |
||
| 949 |
_a330.972016 B35 _bBC _cC _d33724000529137 _eC _f1967 c.2 _h31200 _i19433 _si |
||
| 949 |
_a330.972016 B35 _bBC _cC _d33724000529145 _eC _f1954-55 _h4457 _i19433 _si |
||
| 999 |
_c14386 _d14386 |
||